Porzellan und Fayence des 18. Jahrhunderts im Zunfthaus zur Meisen (Record no. 7477)
[ view plain ]
| 000 -CABECERA | |
|---|---|
| campo de control de longitud fija | 00729nam a2200241 a 4500 |
| 001 - NÚMERO DE CONTROL | |
| campo de control | BRCA_7803 |
| 005 - FECHA Y HORA DE LA ÚLTIMA TRANSACCIÓN | |
| campo de control | 20190320210013.0 |
| 008 - DATOS DE LONGITUD FIJA--INFORMACIÓN GENERAL | |
| campo de control de longitud fija | 161013s1956----sz-a######---#000-0#ger-# |
| 041 ## - CÓDIGO DE LENGUA | |
| Código de lengua del texto/banda sonora o título independiente | ger |
| 044 ## - CÓDIGO DEL PAÍS DE LA ENTIDAD EDITORA/PRODUCTORA | |
| Código MARC del país | sz |
| 050 #4 - SIGNATURA TOPOGRÁFICA DE LA BIBLIOTECA DEL CONGRESO | |
| Número de clasificación | NK4527 |
| Número de documento/Ítem | .W97 1956 |
| 100 1# - ENTRADA PRINCIPAL--NOMBRE DE PERSONA | |
| Nombre de persona | Wyss, Robert L. |
| 9 (RLIN) | 18795 |
| 245 10 - MENCIÓN DE TÍTULO | |
| Título | Porzellan und Fayence des 18. Jahrhunderts im Zunfthaus zur Meisen |
| Mención de responsabilidad, etc. | Robert L. Wyss. |
| 260 ## - PUBLICACIÓN, DISTRIBUCIÓN, ETC. | |
| Lugar de publicación, distribución, etc. | Berna, Suiza |
| Nombre del editor, distribuidor, etc. | P. Haupt |
| Fecha de publicación, distribución, etc. | c1956 |
| 300 ## - DESCRIPCIÓN FÍSICA | |
| Extensión | 18 p. |
| Otras características físicas | il. |
| Dimensiones | 24 cm. |
| 440 #0 - MENCIÓN DE SERIE/PUNTO DE ACCESO ADICIONAL--TÍTULO | |
| Título | Hochwachter - Bucherei |
| Designación de volumen o secuencia | 20 |
| 9 (RLIN) | 19329 |
| 500 ## - NOTA GENERAL | |
| Nota general | A la cabeza de la portada : Aus dem Schweizerisches Landesmuseum ; 7 |
| 500 ## - NOTA GENERAL | |
| Nota general | X79 |
| 650 14 - PUNTO DE ACCESO ADICIONAL DE MATERIA--TÉRMINO DE MATERIA | |
| Término de materia o nombre geográfico como elemento de entrada | Porcelana suiza |
| 9 (RLIN) | 19330 |
| 650 14 - PUNTO DE ACCESO ADICIONAL DE MATERIA--TÉRMINO DE MATERIA | |
| Término de materia o nombre geográfico como elemento de entrada | Porcelana |
| Subdivisión geográfica | Zúrich |
| 9 (RLIN) | 19331 |
| 902 ## - CATALOGADOR | |
| Iniciales | GFM |
| 942 ## - ELEMENTOS DE PUNTO DE ACCESO ADICIONAL (KOHA) | |
| Fuente del sistema de clasificación o colocación | Library of Congress Classification |
| Tipo de ítem Koha | Libros |
| Estado de retiro | Estado de pérdida | Estado dañado | No para préstamo | Localización permanente | Ubicación/localización actual | Fecha de adquisición | Número de inventario | Total de préstamos | Signatura topográfica completa | Código de barras | Fecha visto por última vez | Precio válido a partir de | Tipo de ítem Koha |
|---|---|---|---|---|---|---|---|---|---|---|---|---|---|
| El ejemplar forma parte de la colección y puede ser consultado según las políticas vigentes. | Biblioteca del Museo Franz Mayer (Rogerio Casas-Alatriste) | Biblioteca del Museo Franz Mayer (Rogerio Casas-Alatriste) | 16/10/2013 | X79 | NK4527 .W97 1956 (X79) | 8412 | 22/03/2019 | 22/03/2019 | Libros |